[Event "Copenhagen Chess Challenge GM 2025"]
[Site "Ballerup"]
[Date "2025.07.23"]
[Round "1.1"]
[White "Nielsen, Hogni Egilstoft"]
[Black "Ermitsch, Magnus"]
[Result "1/2-1/2"]
[WhiteElo "2372"]
[BlackElo "2406"]
[EventDate "2025.07.23"]
[EventType "tourn"]
[EventRounds "9"]
[EventCountry "DEN"]
[SourceTitle "Live v. Michael Andersen"]

1. Nf3 d5 2. e3 Nf6 3. b3 c5 4. Bb2 a6 5. c4 dxc4 6. bxc4 Nc6 7. Be2 Bg4 8. O-O e6 9. h3 Bh5 10. d4 Be7 11. Nbd2 cxd4 12. exd4 O-O 13. Qb3 Rb8 14. a4 a5 15. Rfd1 b6 16. Nf1 Ne4 17. Qb5 Bxf3 18. Bxf3 Nd6 19. Qb3 Nb4 20. Ne3 Bg5 21. Ba3 Rc8 22. c5 bxc5 23. dxc5 Rxc5 24. Bxb4 axb4 25. Qxb4 Qc7 26. Rab1 Bxe3 27. fxe3 Nf5 28. Qf4 Qa7 29. Rb7 Qa6 30. Rb8 Rcc8 31. Rxc8 Rxc8 32. Qc7 h6 33. Qb7 Qc4 34. a5 Nxe3 35. Rb1 Qc5 36. a6 Nf5+ 37. Kh1 Rc7 38. Qb6 Qxb6 39. Rxb6 Nd4 40. Be4 f5 41. Rb8+ Kh7 42. Bb7 Rc1+ 43. Kh2 Ra1 44. Rd8 Nb3 45. Bc8 Nc5 46. Rd6 f4 47. Bxe6 Rxa6 48. Bf5+ 1/2-1/2

[Event "Copenhagen Chess Challenge GM 2025"]
[Site "Ballerup"]
[Date "2025.07.23"]
[Round "1.2"]
[White "Kush, Bhagat"]
[Black "Olsen, Filip Boe"]
[Result "0-1"]
[WhiteElo "2369"]
[BlackElo "2453"]
[EventDate "2025.07.23"]
[EventType "tourn"]
[EventRounds "9"]
[EventCountry "DEN"]
[SourceTitle "Live v. Michael Andersen"]

1. e4 c5 2. Nf3 d6 3. Bb5+ Bd7 4. c4 e5 5. Bxd7+ Qxd7 6. Nc3 Nc6 7. d3 Be7 8. O-O Bd8 9. a3 Nge7 10. Rb1 O-O 11. b4 Ng6 12. Ne1 f5 13. exf5 Rxf5 14. Nc2 Rf7 15. Ne3 Nd4 16. Ne4 b6 17. Qg4 Nf4 18. Qxd7 Rxd7 19. Rd1 cxb4 20. axb4 d5 21. cxd5 Nxd5 22. Kf1 Nb5 23. Nxd5 Rxd5 24. Bb2 Be7 25. Nc3 Nxc3 26. Bxc3 a5 27. bxa5 bxa5 28. Rb7 Bf8 29. Rdb1 Rxd3 30. Bxe5 a4 31. Rb8 Rxb8 32. Rxb8 a3 33. Ke2 Rd7 34. Ra8 Kf7 35. f4 h5 36. g3 Be7 37. Ke3 Bc5+ 38. Ke2 Ra7 39. Rc8 Be7 40. Rc1 Bf6 41. Bxf6 Kxf6 42. Ra1 a2 43. Kf2 Kf5 44. Kg2 Kg4 45. h3+ Kf5 46. Kf2 Ra3 47. Kg2 h4 48. gxh4 Kxf4 49. Rf1+ Ke4 50. Ra1 Kf5 51. Kh2 Kg6 52. Kg2 Kh5 53. Kh2 Kxh4 54. Kg2 g5 0-1

[Event "Copenhagen Chess Challenge GM 2025"]
[Site "Ballerup"]
[Date "2025.07.23"]
[Round "1.3"]
[White "Haubro, Martin"]
[Black "Hector, Jonny"]
[Result "1-0"]
[WhiteElo "2388"]
[BlackElo "2427"]
[EventDate "2025.07.23"]
[EventType "tourn"]
[EventRounds "9"]
[EventCountry "DEN"]
[SourceTitle "Live v. Michael Andersen"]

1. Nf3 d5 2. g3 Bg4 3. Bg2 Nd7 4. h3 Bxf3 5. Bxf3 Ngf6 6. d3 e6 7. Nd2 Bc5 8. e4 c6 9. Qe2 Qc7 10. c3 O-O 11. Bg2 Bb6 12. Nf3 dxe4 13. dxe4 e5 14. O-O a5 15. Nh4 Rfe8 16. Re1 a4 17. Qf3 Nc5 18. Nf5 Re6 19. Bf1 Ba7 20. Bc4 Rf8 21. Bg5 b5 22. Bxe6 fxe6 23. Nh6+ gxh6 24. Bxf6 Rf7 25. Rad1 Kf8 26. Bd8 Rxf3 27. Bxc7 Nd3 28. Re2 Bxf2+ 29. Kh2 c5 30. Bb6 Ke7 31. Red2 Bxg3+ 32. Kg2 Ne1+ 33. Rxe1 Bxe1 34. Bxc5+ Kf6 35. Rd1 Rg3+ 36. Kh2 Kg5 37. Rxe1 Kf4 38. Rf1+ Rf3 39. Kg2 Rxf1 40. Kxf1 Kf3 41. h4 h5 42. b3 Kxe4 43. Ke2 axb3 44. axb3 Kd5 45. Be7 Ke4 46. c4 bxc4 47. bxc4 Kd4 48. c5 Kd5 49. Ke3 e4 50. Bf8 1-0

[Event "Copenhagen Chess Challenge GM 2025"]
[Site "Ballerup"]
[Date "2025.07.23"]
[Round "1.4"]
[White "Kistrup, Nicolai"]
[Black "Medhus, Vitus Bondo"]
[Result "1-0"]
[WhiteElo "2368"]
[BlackElo "2326"]
[EventDate "2025.07.23"]
[EventType "tourn"]
[EventRounds "9"]
[EventCountry "DEN"]
[SourceTitle "Live v. Michael Andersen"]

1. d4 d5 2. c4 e6 3. Nf3 Nf6 4. g3 Bb4+ 5. Nbd2 dxc4 6. a3 Bxd2+ 7. Bxd2 a6 8. Bg2 b5 9. Ne5 Nd5 10. e4 Nb6 11. Bb4 a5 12. Bc5 Na4 13. Qh5 Qf6 14. Nxc4 Qg6 15. Qxg6 hxg6 16. e5 Nxc5 17. dxc5 Ra6 18. Nd2 Nd7 19. Bf1 Bb7 20. f3 Rh5 21. Bxb5 Rxe5+ 22. Kf2 Ra8 23. b4 Ba6 24. Bxa6 Rxa6 25. Nc4 Rd5 26. b5 Ra8 27. c6 Nc5 28. b6 Na6 29. b7 Rad8 30. Rhc1 Nb8 31. Nb6 Rd2+ 32. Kg1 Rb2 33. Nc4 Rb5 34. Rab1 Rbd5 35. Nb6 R5d6 36. Na8 Ke7 37. Nxc7 Nxc6 38. Nb5 R6d7 39. Rxc6 Rxb7 40. a4 Rd3 41. Kf2 Rd2+ 42. Ke3 Rxh2 43. Rbc1 Ra2 44. Rc7+ Rxc7 45. Rxc7+ Kf6 46. Nc3 Ra3 47. Kd3 e5 48. Ra7 Ra1 49. Rxa5 Ke6 50. Ra6+ Ke7 51. Ra7+ Ke6 52. Ra6+ Ke7 53. a5 f5 54. Ra8 Kd7 55. Kc4 Kc7 56. a6 Kb6 57. Nd5+ Kc6 58. Nb4+ Kb6 59. Rb8+ Kc7 60. Rb7+ Kc8 61. Rxg7 e4 62. fxe4 fxe4 63. a7 e3 64. Rg8+ Kb7 65. Rb8+ 1-0

[Event "Copenhagen Chess Challenge GM 2025"]
[Site "Ballerup"]
[Date "2025.07.23"]
[Round "1.5"]
[White "Hoi, Carsten"]
[Black "Ochsner, Bjorn Moller"]
[Result "0-1"]
[WhiteElo "2288"]
[BlackElo "2478"]
[EventDate "2025.07.23"]
[EventType "tourn"]
[EventRounds "9"]
[EventCountry "DEN"]
[SourceTitle "Live v. Michael Andersen"]

1. Nf3 Nf6 2. c4 g6 3. d4 Bg7 4. Nc3 O-O 5. e4 d6 6. h3 e5 7. d5 a5 8. Bg5 Na6 9. Be2 Qe8 10. g4 Nd7 11. Rg1 Ndc5 12. Nd2 Kh8 13. a3 Bd7 14. h4 f5 15. gxf5 gxf5 16. Qc2 b6 17. O-O-O f4 18. h5 h6 19. Bh4 f3 20. Nxf3 Nb4 21. axb4 axb4 22. Nb1 Ba4 23. Rxg7 Bxc2 24. Rdg1 Bxe4 25. Nfd2 Bf5 26. Re7 Qa4 0-1

[Event "Copenhagen Chess Challenge GM 2025"]
[Site "Ballerup"]
[Date "2025.07.24"]
[Round "2.1"]
[White "Olsen, Filip Boe"]
[Black "Haubro, Martin"]
[Result "1-0"]
[WhiteElo "2453"]
[BlackElo "2388"]
[EventDate "2025.07.23"]
[EventType "tourn"]
[EventRounds "9"]
[EventCountry "DEN"]
[SourceTitle "Live v. Michael Andersen"]

1. d4 Nf6 2. c4 e6 3. g3 d5 4. Bg2 Bb4+ 5. Nd2 O-O 6. Nf3 dxc4 7. Qc2 Nc6 8. Qxc4 Qd5 9. O-O Bxd2 10. Qxd5 exd5 11. Bxd2 Re8 12. e3 a5 13. Rfc1 Re7 14. Be1 Bf5 15. Rc5 Be6 16. Ne5 Nxe5 17. dxe5 Ng4 18. Bc3 c6 19. e4 dxe4 20. h3 Nh6 21. Rxa5 Rxa5 22. Bxa5 Bd5 23. Bc3 Nf5 24. Re1 e3 25. fxe3 Nxg3 26. e4 Be6 27. Bf3 g6 28. Kh2 Nh5 29. Bxh5 gxh5 30. Rg1+ Kh8 31. Be1 Rd7 32. Bh4 h6 33. Bf6+ Kh7 34. Rg7+ Kh8 35. h4 c5 36. b3 b6 37. Kg3 Rd3+ 38. Kf4 Rd7 39. Ke3 b5 40. a4 bxa4 41. bxa4 c4 42. a5 c3 43. Rxf7+ Kg8 44. Rxd7 Bxd7 45. Kd3 Kf7 46. Kxc3 Ke6 47. Kd4 Bc6 48. a6 Kd7 49. a7 Ba8 50. Bg7 Kc7 51. Bf8 Kd7 52. Bxh6 Bb7 53. Kc5 Bxe4 54. Kb6 Bd5 55. e6+ Kd6 56. e7 Kxe7 57. Kc7 1-0

[Event "Copenhagen Chess Challenge GM 2025"]
[Site "Ballerup"]
[Date "2025.07.24"]
[Round "2.2"]
[White "Nielsen, Hogni Egilstoft"]
[Black "Kush, Bhagat"]
[Result "1/2-1/2"]
[WhiteElo "2372"]
[BlackElo "2369"]
[EventDate "2025.07.23"]
[EventType "tourn"]
[EventRounds "9"]
[EventCountry "DEN"]
[SourceTitle "Live v. Michael Andersen"]

1. e4 c5 2. Nf3 d6 3. d4 cxd4 4. Qxd4 Nc6 5. Qe3 g6 6. h3 Bg7 7. c4 Nf6 8. Nc3 O-O 9. Be2 Nd7 10. O-O Qb6 11. Qxb6 Nxb6 12. Bd2 Be6 13. b3 Nd7 14. Rae1 Nc5 15. Bd1 a5 16. Nd5 Rfd8 17. Bc2 Kf8 18. Bg5 h6 19. Bd2 Rab8 20. a3 g5 21. Rb1 g4 22. hxg4 Bxg4 23. Be3 Bxf3 1/2-1/2

[Event "Copenhagen Chess Challenge GM 2025"]
[Site "Ballerup"]
[Date "2025.07.24"]
[Round "2.3"]
[White "Medhus, Vitus Bondo"]
[Black "Hoi, Carsten"]
[Result "1-0"]
[WhiteElo "2326"]
[BlackElo "2288"]
[EventDate "2025.07.23"]
[EventType "tourn"]
[EventRounds "9"]
[EventCountry "DEN"]
[SourceTitle "Live v. Michael Andersen"]

1. e4 g6 2. d4 Bg7 3. Nc3 d6 4. Bg5 Nd7 5. Qd2 a6 6. Nf3 b5 7. a4 b4 8. Ne2 Ngf6 9. Ng3 h6 10. Bf4 h5 11. h4 Bb7 12. Bd3 e5 13. Bg5 c5 14. dxe5 Nxe5 15. Nxe5 dxe5 16. O-O Qc7 17. Rad1 Nh7 18. Bc4 Bf6 19. Bxf6 Nxf6 20. Qg5 Qe7 21. f4 Rf8 22. fxe5 Ng4 23. Bxf7+ Rxf7 24. Qxg6 Ne3 25. e6 1-0

[Event "Copenhagen Chess Challenge GM 2025"]
[Site "Ballerup"]
[Date "2025.07.24"]
[Round "2.4"]
[White "Ermitsch, Magnus"]
[Black "Ochsner, Bjorn Moller"]
[Result "0-1"]
[WhiteElo "2406"]
[BlackElo "2478"]
[EventDate "2025.07.23"]
[EventType "tourn"]
[EventRounds "9"]
[EventCountry "DEN"]
[SourceTitle "Live v. Michael Andersen"]

1. e4 c5 2. Nf3 d6 3. d4 cxd4 4. Nxd4 Nf6 5. Nc3 a6 6. Rg1 e5 7. Nb3 h5 8. Be3 Be6 9. h3 Be7 10. Qf3 h4 11. O-O-O Nbd7 12. Nd5 Rc8 13. Kb1 Bxd5 14. exd5 Nb6 15. g4 hxg3 16. Rxg3 Kf8 17. Qg2 Qc7 18. c4 Nxc4 19. Rc1 b5 20. Rxg7 Qb7 21. Rd1 a5 22. Be2 a4 23. Nc1 Qc7 24. Bd3 e4 25. Bxc4 Qxc4 26. Rg1 a3 27. bxa3 Qxd5 28. Rg5 Qe6 29. Rc5 dxc5 30. Qg7+ Ke8 31. Qxh8+ Kd7 32. Rd1+ Nd5 33. Qb2 Ke8 34. Ne2 b4 35. Qh8+ Kd7 36. Qh5 Kc6 37. Rc1 Kb7 38. Nf4 Nxf4 39. Bxf4 bxa3 40. Rc3 Rc6 41. Qe2 Rb6+ 42. Kc1 Qd5 43. Rxa3 c4 44. Rc3 Bb4 45. Re3 c3 46. Kc2 Ba3 47. Rxe4 Rb2+ 48. Kxc3 Rxe2 0-1

[Event "Copenhagen Chess Challenge GM 2025"]
[Site "Ballerup"]
[Date "2025.07.24"]
[Round "2.5"]
[White "Hector, Jonny"]
[Black "Kistrup, Nicolai"]
[Result "0-1"]
[WhiteElo "2427"]
[BlackElo "2368"]
[EventDate "2025.07.23"]
[EventType "tourn"]
[EventRounds "9"]
[EventCountry "DEN"]
[SourceTitle "Live v. Michael Andersen"]

1. e4 c5 2. Nf3 d6 3. d4 cxd4 4. Nxd4 Nf6 5. Nc3 a6 6. Bg5 e6 7. f4 Qb6 8. Nb3 Nbd7 9. Qf3 Qc7 10. g4 b5 11. Bd3 b4 12. Ne2 Bb7 13. c4 d5 14. cxd5 exd5 15. Ng3 dxe4 16. Nxe4 Be7 17. Rc1 Qb6 18. Bxf6 Bxf6 19. Na5 Bd5 20. Nc4 Qd4 21. Ncd6+ Kf8 22. g5 Bxg5 23. Nf5 Qxb2 24. Rc2 Qa3 25. fxg5 Ne5 26. Qe3 Nxd3+ 27. Kd2 b3 28. axb3 Bxe4 29. Qxe4 Rd8 30. Rd1 Nf2+ 31. Ke2 Nxd1 32. Qd4 Qe7+ 33. Nxe7 Rxd4 34. Rc8+ Kxe7 35. Rxh8 Nc3+ 36. Kf3 Rd3+ 37. Kg4 Nd5 38. Rxh7 g6 39. Rh8 Rxb3 40. Ra8 Nc7 41. Rc8 Rb7 0-1

[Event "Copenhagen Chess Challenge GM 2025"]
[Site "Ballerup"]
[Date "2025.07.24"]
[Round "3.1"]
[White "Ochsner, Bjorn Moller"]
[Black "Medhus, Vitus Bondo"]
[Result "1/2-1/2"]
[WhiteElo "2478"]
[BlackElo "2326"]
[EventDate "2025.07.23"]
[EventType "tourn"]
[EventRounds "9"]
[EventCountry "DEN"]
[SourceTitle "Live v. Michael Andersen"]

1. e4 e5 2. Nf3 Nc6 3. Bb5 a6 4. Ba4 Nf6 5. d3 b5 6. Bb3 Be7 7. a4 Bb7 8. Nc3 b4 9. Nd5 Na5 10. Ba2 Nxd5 11. Bxd5 Bxd5 12. exd5 d6 13. Qe2 O-O 14. d4 Bf6 15. dxe5 Bxe5 16. O-O Bf6 17. Rd1 Re8 18. Qd3 Qe7 19. Rb1 Qe4 20. b3 Qxd3 21. Rxd3 Re2 22. Bd2 Nb7 23. Kf1 Re4 24. Re1 Rxe1+ 25. Bxe1 Nc5 26. Rd1 a5 27. Nd2 Nd7 28. Nc4 Nb6 29. Ne3 Re8 30. Rd3 g6 31. c3 bxc3 32. Bxc3 Bxc3 33. Rxc3 Re7 34. Rc1 Kf8 35. b4 axb4 36. a5 Na4 37. Rc4 Re8 38. Rxb4 Nc5 39. g4 Ke7 40. g5 Ra8 41. Nc4 h6 42. gxh6 Rh8 43. Kg2 Rxh6 44. Rb8 Rh4 45. Nb2 Rg4+ 46. Kf1 Rd4 47. Ra8 Rxd5 48. a6 Nd7 49. Nc4 Rc5 50. a7 Rxc4 51. Re8+ Kxe8 52. a8=Q+ Ke7 53. Qf3 Rc5 54. Qe4+ Re5 55. Qc6 Rc5 56. Qe4+ Kf8 57. Qd4 Rf5 58. Qh8+ Ke7 59. Qh4+ Nf6 60. Qc4 c5 61. Qa4 Kf8 62. Qc6 Rd5 63. Ke2 Rd4 64. f3 Kg7 65. Kf2 c4 66. Ke2 d5 67. Qc7 Rh4 68. Kd2 Rh8 69. Kc3 Ra8 70. Qd6 Ra7 71. h4 Rd7 72. Qf4 Rb7 73. Kc2 Rb3 74. Kc1 Rd3 75. Kc2 d4 76. Qe5 Rc3+ 77. Kb2 Rb3+ 78. Kc2 d3+ 79. Kd2 Rb6 80. h5 Rc6 81. Qb5 Rc8 82. Qa6 Rh8 83. Qxc4 Rxh5 84. Kxd3 Re5 85. Kd2 Re6 86. Qc3 Kh7 87. Qc7 Kg8 88. Qc8+ Ne8 89. Kd1 Kh7 90. Qb8 Nd6 91. Qf8 g5 92. Qd8 Kg6 93. Qg8+ Kf5 94. Qh7+ Kf4 95. Qd3 Nf5 96. Kc1 Ne3 97. Qd7 Nf5 98. Qxf7 Re3 99. Qc4+ Kxf3 100. Qf1+ Kg4 101. Qd1+ Kf4 102. Qf1+ Ke5 103. Qb5+ Kf6 104. Qb6+ Re6 105. Qd8+ Kg6 106. Qd7 Rd6 107. Qe8+ Kf6 108. Qh8+ Kf7 109. Qh5+ Rg6 110. Qf3 Ke6 111. Qe4+ Kf6 112. Qc6+ Kf7 113. Qd5+ Kf6 1/2-1/2

[Event "Copenhagen Chess Challenge GM 2025"]
[Site "Ballerup"]
[Date "2025.07.24"]
[Round "3.2"]
[White "Hoi, Carsten"]
[Black "Hector, Jonny"]
[Result "0-1"]
[WhiteElo "2288"]
[BlackElo "2427"]
[EventDate "2025.07.23"]
[EventType "tourn"]
[EventRounds "9"]
[EventCountry "DEN"]
[SourceTitle "Live v. Michael Andersen"]

1. Nf3 d5 2. e3 Bg4 3. c4 c6 4. d4 e6 5. Nbd2 Nd7 6. Bd3 Bd6 7. h3 Bh5 8. Qc2 Ne7 9. b3 e5 10. dxe5 Nxe5 11. Nxe5 Bxe5 12. Rb1 dxc4 13. Nxc4 Bc7 14. Bb2 Qd5 15. Be4 Bg6 16. Bxg6 Nxg6 17. O-O O-O-O 18. f4 f5 19. Rbd1 Qe6 20. Bd4 b5 21. Ne5 Nxe5 22. fxe5 g6 23. a4 Rd5 24. Ra1 a5 25. b4 axb4 26. axb5 Rxb5 27. Ra8+ Rb8 28. Rxb8+ Bxb8 29. Rb1 Kd7 30. Rxb4 Bc7 31. Rb7 Rb8 32. Ra7 Qd5 33. Qc5 Rb1+ 34. Kh2 Qxc5 35. Bxc5 Kd8 36. Be7+ Kc8 37. Bd6 Bxd6 38. exd6 Rb7 39. Ra2 Kd7 40. Rd2 Rb3 41. Kg3 Rxe3+ 42. Kf4 Re6 43. Kg5 Rxd6 44. Ra2 Ke6 45. Kh6 Rd7 0-1

[Event "Copenhagen Chess Challenge GM 2025"]
[Site "Ballerup"]
[Date "2025.07.24"]
[Round "3.3"]
[White "Kistrup, Nicolai"]
[Black "Olsen, Filip Boe"]
[Result "1/2-1/2"]
[WhiteElo "2368"]
[BlackElo "2453"]
[EventDate "2025.07.23"]
[EventType "tourn"]
[EventRounds "9"]
[EventCountry "DEN"]
[SourceTitle "Live v. Michael Andersen"]

1. e4 c5 2. Nf3 Nc6 3. Bb5 d6 4. O-O Bd7 5. Re1 a6 6. Bxc6 Bxc6 7. d4 cxd4 8. Nxd4 Rc8 9. c4 g6 10. b3 Nf6 11. Nc3 Bg7 12. Bg5 h6 13. Bh4 O-O 14. Nd5 Bxd5 15. exd5 Qb6 16. Rc1 Nxd5 17. cxd5 Rxc1 18. Qxc1 Qxd4 19. Bxe7 Re8 20. Bxd6 Rxe1+ 21. Qxe1 Qxd5 22. Bf4 Qf5 23. Qc1 Bb2 24. Qxb2 1/2-1/2

[Event "Copenhagen Chess Challenge GM 2025"]
[Site "Ballerup"]
[Date "2025.07.24"]
[Round "3.4"]
[White "Haubro, Martin"]
[Black "Nielsen, Hogni Egilstoft"]
[Result "0-1"]
[WhiteElo "2388"]
[BlackElo "2372"]
[EventDate "2025.07.23"]
[EventType "tourn"]
[EventRounds "9"]
[EventCountry "DEN"]
[SourceTitle "Live v. Michael Andersen"]

1. e4 e5 2. Nf3 Nc6 3. Bc4 Nf6 4. d3 Bc5 5. c3 d6 6. a4 a6 7. O-O Ba7 8. Nbd2 h6 9. Re1 O-O 10. h3 Ne7 11. d4 Ng6 12. Qc2 Nh5 13. Bf1 Nhf4 14. b4 Qf6 15. Bb2 Ne6 16. Nb3 Ngf4 17. Re3 Ng5 18. Nxg5 hxg5 19. Qd2 Be6 20. c4 Rad8 21. Rg3 Bc8 22. Rd1 Rfe8 23. Qc2 Bd7 24. b5 Be6 25. c5 axb5 26. axb5 dxc5 27. dxe5 Qe7 28. Nd2 c4 29. Nxc4 Qc5 30. Rc1 Rd7 31. Ba3 Qd4 32. Rxg5 Nd3 33. Bxd3 Qxd3 34. Bb2 Bxc4 35. Qxc4 Bxf2+ 36. Kh2 Qxc4 37. Rxc4 Re6 38. Rf5 Bb6 39. Ba3 Rd2 40. Rg5 Rd4 41. Rb4 Rxb4 42. Bxb4 Bd4 43. Kg3 Bxe5+ 44. Kf3 f6 45. Rg4 Rb6 46. Bd2 Rxb5 47. Bh6 g6 48. h4 Rb3+ 49. Kf2 Kf7 50. Bf4 Rb5 51. Ke3 Rb3+ 52. Kf2 Bd4+ 53. Ke2 c5 54. Rg3 Rxg3 55. Bxg3 c4 56. Be1 Ke6 57. g4 b5 58. h5 gxh5 59. gxh5 Kf7 60. Kd1 Kg7 61. Bd2 Bc5 62. Bf4 b4 63. Kc1 Bd4 64. Kb1 b3 65. Kc1 c3 66. Kb1 Kh7 67. h6 Bc5 68. e5 fxe5 69. Bxe5 c2+ 70. Kb2 Be3 0-1

[Event "Copenhagen Chess Challenge GM 2025"]
[Site "Ballerup"]
[Date "2025.07.24"]
[Round "3.5"]
[White "Kush, Bhagat"]
[Black "Ermitsch, Magnus"]
[Result "1/2-1/2"]
[WhiteElo "2369"]
[BlackElo "2406"]
[EventDate "2025.07.23"]
[EventType "tourn"]
[EventRounds "9"]
[EventCountry "DEN"]
[SourceTitle "Live v. Michael Andersen"]

1. d4 d5 2. c4 dxc4 3. Nf3 Nf6 4. e3 e6 5. Bxc4 c5 6. O-O Nc6 7. Nc3 a6 8. dxc5 Qxd1 9. Rxd1 Bxc5 10. a3 O-O 11. b4 Be7 12. Bb2 b5 13. Be2 Bb7 14. Rac1 Rfd8 15. Nd2 Kf8 1/2-1/2

[Event "Copenhagen Chess Challenge GM 2025"]
[Site "Ballerup"]
[Date "2025.07.25"]
[Round "4.1"]
[White "Nielsen, Hogni Egilstoft"]
[Black "Kistrup, Nicolai"]
[Result "1/2-1/2"]
[WhiteElo "2372"]
[BlackElo "2368"]
[EventDate "2025.07.23"]
[EventType "tourn"]
[EventRounds "9"]
[EventCountry "DEN"]
[SourceTitle "Live v. Michael Andersen"]

1. e4 c5 2. Nf3 d6 3. Bb5+ Bd7 4. Bxd7+ Qxd7 5. c4 Nf6 6. Nc3 Nc6 7. d4 cxd4 8. Nxd4 g6 9. f3 Bg7 10. Be3 O-O 11. Qd2 a6 12. O-O Nxd4 13. Bxd4 b5 14. Nd5 Nxd5 15. Bxg7 Kxg7 16. cxd5 Rfc8 17. Rfc1 f6 18. Qe3 Rxc1+ 19. Rxc1 Rc8 20. Kf2 1/2-1/2

[Event "Copenhagen Chess Challenge GM 2025"]
[Site "Ballerup"]
[Date "2025.07.25"]
[Round "4.2"]
[White "Hector, Jonny"]
[Black "Ochsner, Bjorn Moller"]
[Result "0-1"]
[WhiteElo "2427"]
[BlackElo "2478"]
[EventDate "2025.07.23"]
[EventType "tourn"]
[EventRounds "9"]
[EventCountry "DEN"]
[SourceTitle "Live v. Michael Andersen"]

1. e4 c5 2. Nf3 d6 3. d4 cxd4 4. Nxd4 Nf6 5. Nc3 a6 6. Bg5 e6 7. f4 Be7 8. Qf3 Qc7 9. O-O-O Nbd7 10. f5 Ne5 11. Qh3 O-O 12. fxe6 Nfg4 13. Bh4 fxe6 14. Rd2 b5 15. Be2 Bxh4 16. Qxh4 b4 17. Nd1 Nf6 18. Nf3 Ng6 19. Qe1 Bb7 20. Rd4 a5 21. Bc4 Rfe8 22. Bd3 e5 23. Rc4 Qd7 24. g3 d5 25. exd5 e4 26. Bxe4 Nxe4 27. Rxe4 Bxd5 28. Rxe8+ Rxe8 29. Qd2 Qc6 30. Nd4 Qf6 31. Rg1 Bxa2 32. Ne3 Rd8 33. Rd1 Ne5 34. Nef5 Bf7 35. Qf4 Kh8 36. Qh4 Qxh4 37. Nxh4 g5 38. Nhf5 Ng4 39. h4 gxh4 40. gxh4 a4 41. Nc6 Rxd1+ 42. Kxd1 a3 43. bxa3 bxa3 44. Kc1 Bd5 45. Nb4 Be6 46. Nd4 Bc4 47. c3 Ne3 48. Kd2 Ng2 49. Ndc2 a2 50. Kc1 Nxh4 51. Kb2 Ng2 52. Nd4 h5 53. Nf3 Kg7 54. Nxa2 Kf6 55. Nb4 Kf5 56. Nc6 Kf4 57. Ncd4 Bd5 58. Ng1 Ke3 59. Kc1 Nf4 60. Nf5+ Kf2 61. Ng7 Kxg1 62. Nxh5 Nxh5 63. Kd2 Nf4 64. Ke3 Ne6 65. c4 Bc6 66. c5 Kg2 67. Ke2 Kg3 68. Ke3 Kg4 69. Ke2 Kf4 70. Kd3 Nxc5+ 71. Kd4 Ne6+ 72. Kd3 Bd5 73. Kc3 Ke3 74. Kb4 Kd4 75. Ka4 Bc4 76. Kb4 Nf4 77. Ka4 Nd5 78. Ka3 Kc3 79. Ka4 Bd3 80. Ka3 Nb4 81. Ka4 Be2 82. Ka3 Bf3 83. Ka4 Be4 84. Kb5 Nd3 85. Ka4 Bd5 86. Kb5 Kd4 87. Ka4 Kc4 88. Ka3 Kc3 89. Ka4 Be4 90. Kb5 Bd5 91. Ka4 Bb3+ 92. Kb5 Kd4 93. Kc6 Ke5 94. Kd7 Bd5 95. Ke7 Nc5 96. Kf8 Kf6 97. Ke8 Be4 98. Kf8 Bh7 99. Ke8 Bf5 100. Kd8 Ke6 101. Kc7 Nd7 102. Kc6 Bd3 103. Kc7 Be4 104. Kd8 Kd6 105. Ke8 Bg6+ 106. Kd8 Bf7 107. Kc8 Nc5 108. Kd8 Nb7+ 109. Kc8 Kc6 110. Kb8 Kb6 111. Kc8 Be6+ 112. Kb8 Bd7 113. Ka8 Nc5 114. Kb8 Na6+ 115. Ka8 Bc6# 0-1

[Event "Copenhagen Chess Challenge GM 2025"]
[Site "Ballerup"]
[Date "2025.07.25"]
[Round "4.3"]
[White "Kush, Bhagat"]
[Black "Haubro, Martin"]
[Result "1-0"]
[WhiteElo "2369"]
[BlackElo "2388"]
[EventDate "2025.07.23"]
[EventType "tourn"]
[EventRounds "9"]
[EventCountry "DEN"]
[SourceTitle "Live v. Michael Andersen"]

1. d4 Nf6 2. c4 e6 3. Nf3 d5 4. Nc3 c6 5. Bg5 h6 6. Bh4 dxc4 7. e4 g5 8. Bg3 b5 9. Be2 Bb7 10. h4 g4 11. Ne5 Nbd7 12. Nxd7 Nxd7 13. Bxg4 Rg8 14. O-O Qb6 15. Bh5 Nf6 16. Be5 Nxh5 17. Qxh5 b4 18. Na4 Qb5 19. Nc5 Bxc5 20. dxc5 Qxc5 21. Rfd1 Rg6 22. Rac1 Ba6 23. a3 bxa3 24. bxa3 Rb8 25. a4 Qa5 26. Qxg6 fxg6 27. Bxb8 c3 28. Rc2 Qb4 29. Bg3 Bd3 30. Rcc1 Bxe4 31. Bd6 Qb3 32. Bf4 c2 33. Rd4 Bd3 34. Bxh6 c5 35. Rg4 Bf5 36. Rf4 e5 37. Rf3 Qxa4 38. Bg5 a5 39. Re3 Qd4 40. Rce1 Kd7 41. Rxe5 Qc3 42. Re7+ Kc6 43. Rc1 a4 44. Ra7 a3 45. Be3 Kb6 46. Ra4 Kb5 47. Ra8 Kc4 48. Ra7 Kb3 49. Rb7+ Ka2 50. Rb5 c4 51. h5 Qb3 52. Rc5 Bd3 53. h6 g5 54. Rxg5 Kb2 55. Ra5 a2 56. Ra7 Be4 57. Re1 Bd3 58. Bc1+ Ka1 59. Ba3+ Qb1 60. Rc1 Qxc1+ 61. Bxc1 Kb1 62. Be3 a1=Q 63. Rxa1+ Kxa1 64. f4 Kb2 65. g4 Bh7 66. f5 c1=Q+ 67. Bxc1+ Kxc1 68. f6 Bg6 69. f7 Bxf7 70. h7 c3 71. h8=Q c2 72. Kf2 Kb1 73. Qb8+ Ka1 74. Qc7 Kb2 75. Qxf7 c1=Q 76. Qb7+ Ka3 77. Qe7+ Ka4 78. g5 Qf4+ 79. Ke2 Kb5 80. Kd3 Qc4+ 81. Ke3 Qh4 82. Qe5+ Ka6 83. Qf4 Qh3+ 84. Ke4 Qe6+ 85. Qe5 Qg4+ 86. Kd5 Qg2+ 87. Ke6 Qg4+ 88. Ke7 Qh4 89. Qf6+ Ka5 90. g6 Qe4+ 91. Kf8 Qa8+ 92. Kf7 Qb7+ 93. Ke6 Qc6+ 94. Ke7 Qc5+ 95. Qd6 Qg5+ 96. Kf7 Qf5+ 97. Kg7 Qg5 98. Kg8 Qf5 99. Qc7+ Ka6 100. Qc4+ Ka5 101. g7 Qe5 102. Qa2+ Kb5 103. Qb3+ Ka5 104. Qa3+ Kb5 105. Qd3+ Ka5 106. Qg6 Qd5+ 107. Kh7 Qh1+ 108. Qh6 Qe4+ 109. Kh8 Qe5 110. Qd2+ Ka4 111. Qd7+ Ka5 112. Kg8 Ka6 113. Qc6+ Ka5 114. Kf7 Qf5+ 115. Qf6 Qd7+ 116. Kg6 Qe8+ 117. Kh6 Qg8 118. Qe7 Ka4 119. Kg6 Qa8 120. Qh4+ Ka5 121. Kh7 Qb7 122. Qe1+ 1-0

[Event "Copenhagen Chess Challenge GM 2025"]
[Site "Ballerup"]
[Date "2025.07.25"]
[Round "4.4"]
[White "Ermitsch, Magnus"]
[Black "Medhus, Vitus Bondo"]
[Result "1/2-1/2"]
[WhiteElo "2406"]
[BlackElo "2326"]
[EventDate "2025.07.23"]
[EventType "tourn"]
[EventRounds "9"]
[EventCountry "DEN"]
[SourceTitle "Live v. Michael Andersen"]

1. e4 e5 2. Nf3 Nc6 3. Bc4 Nf6 4. Ng5 d5 5. exd5 Na5 6. Bb5+ c6 7. dxc6 bxc6 8. Bd3 Nd5 9. Nf3 Bd6 10. O-O O-O 11. Re1 f5 12. Nxe5 Qf6 13. Nf3 g5 14. g3 f4 15. Nc3 fxg3 16. hxg3 Nxc3 17. dxc3 Bg4 18. Bxg5 Qxf3 19. Qxf3 Bxf3 20. Re6 Nb7 21. Rae1 Bd5 22. Rh6 Rae8 23. Rxe8 Rxe8 24. Kf1 Be4 25. Bc4+ Bd5 26. Bd3 Be4 27. Bc4+ Kg7 28. Ba6 Be7 29. Be3 Nd6 30. Bd3 Bf6 31. Rh5 Rb8 32. Bf4 Rxb2 33. Bxd6 Bf3 34. Re5 Bxe5 35. Bxe5+ Kg8 36. Ke1 Rb1+ 37. Kd2 Rd1+ 38. Ke3 Re1+ 39. Kf4 Bd5 40. a3 Bf7 41. Bd4 a5 42. Be3 Bg6 43. Ke5 Rd1 44. Kd6 Be4 45. Kc5 Bxd3 46. cxd3 Ra1 47. Kxc6 Rxa3 48. Kb5 Rxc3 49. Kxa5 Rxd3 50. Kb4 Kf7 51. Kc4 Rd7 1/2-1/2